[Event "Winnipeg TNT May op"]
[Site "Winnipeg CAN"]
[Date "2005.05.03"]
[Round "1"]
[White "Lauritson, Jim"]
[Black "Reimer, Bruce"]
[Result "1-0"]
[WhiteElo "1922"]
[BlackElo "1449"]
[PlyCount "63"]
[GameId "2160767910968557"]
[EventDate "2005.05.03"]
[EventType "swiss"]
[EventRounds "4"]
[EventCountry "CAN"]
[SourceTitle "EXT 2022"]
[Source "ChessBase"]
[SourceDate "2021.10.06"]
[SourceVersion "1"]
[SourceVersionDate "2021.10.06"]
[SourceQuality "1"]

1. e4 d6 2. d4 Nf6 3. Nc3 g6 4. Be3 c6 5. Nf3 Bg7 6. Qd2 b5 7. Bd3 O-O 8. Bh6 Nbd7 9. h4 e5 10. Ne2 a5 11. h5 Ba6 12. hxg6 fxg6 13. Bxg7 Kxg7 14. Qh6+ Kg8 15. O-O-O Qe7 16. Qh4 Rf7 17. Ng5 Rg7 18. f4 c5 19. dxe5 dxe5 20. Nc3 c4 21. Be2 b4 22. Nd5 Nxd5 23. Rxd5 Bb7 24. Bxc4 Kh8 25. Rd2 exf4 26. Nxh7 Qxh4 27. Rxh4 Re7 28. Nf6+ Kg7 29. Rxd7 Rxd7 30. Nxd7 Bxe4 31. Rxf4 Bxg2 32. Ne5 1-0

[Event "Winnipeg TNT May op"]
[Site "Winnipeg CAN"]
[Date "2005.05.03"]
[Round "1"]
[White "Romanek, Adam"]
[Black "De Groot, Steven"]
[Result "0-1"]
[WhiteElo "1103"]
[BlackElo "1638"]
[PlyCount "92"]
[GameId "2160767910968558"]
[EventDate "2005.05.03"]
[EventType "swiss"]
[EventRounds "4"]
[EventCountry "CAN"]
[SourceTitle "EXT 2022"]
[Source "ChessBase"]
[SourceDate "2021.10.06"]
[SourceVersion "1"]
[SourceVersionDate "2021.10.06"]
[SourceQuality "1"]

1. e4 c5 2. Nf3 d6 3. Nc3 a6 4. Bc4 e6 5. Qe2 b5 6. Bb3 c4 7. Bxc4 bxc4 8. Qxc4 Nf6 9. Qe2 Bb7 10. d3 Be7 11. Be3 O-O 12. Na4 Qa5+ 13. Nc3 Nc6 14. O-O Rfd8 15. Nd4 Ne5 16. Rfb1 Neg4 17. Bd2 Qh5 18. h3 d5 19. hxg4 Nxg4 20. Nf3 Bd6 21. g3 dxe4 22. Nxe4 Ne5 23. Kg2 f5 24. Rh1 Qg6 25. Nh4 fxe4 26. Nxg6 exd3+ 27. f3 dxe2 28. Nxe5 Bxe5 29. Ba5 Rf8 30. Kf2 Rxf3+ 31. Kxe2 Rxg3 32. Rhe1 Rf8 33. Kd1 Bf3+ 34. Kc1 Bf4+ 35. Kb1 Rg2 36. Rxe6 Rg1+ 37. Re1 Rxe1+ 38. Bxe1 Rd8 39. a3 Rd1+ 40. Ka2 Rxa1+ 41. Kxa1 g5 42. c4 g4 43. c5 g3 44. Bxg3 Bxg3 45. b4 Bc6 46. Kb2 h5 0-1

[Event "Winnipeg TNT May op"]
[Site "Winnipeg CAN"]
[Date "2005.05.03"]
[Round "1"]
[White "Rumpel, Chris"]
[Black "Lipnowski, Samuel"]
[Result "1/2-1/2"]
[WhiteElo "1466"]
[BlackElo "2116"]
[PlyCount "79"]
[GameId "2160767910968559"]
[EventDate "2005.05.03"]
[EventType "swiss"]
[EventRounds "4"]
[EventCountry "CAN"]
[SourceTitle "EXT 2022"]
[Source "ChessBase"]
[SourceDate "2021.10.06"]
[SourceVersion "1"]
[SourceVersionDate "2021.10.06"]
[SourceQuality "1"]

1. Nf3 d5 2. g3 c5 3. d3 Nc6 4. Bg2 e5 5. e4 d4 6. c3 Nf6 7. O-O Be7 8. Nbd2 dxc3 9. Nc4 c2 10. Qe2 Bg4 11. Qxc2 Nb4 12. Qc3 Bxf3 13. Bxf3 Qxd3 14. Nxe5 Qxc3 15. bxc3 Na6 16. Rb1 b6 17. Nc6 Nd7 18. e5 c4 19. Nxe7 Kxe7 20. Bxa8 Rxa8 21. Ba3+ Ke6 22. Rfe1 Nac5 23. Bxc5 Nxc5 24. f4 Kf5 25. Kg2 h5 26. Kf3 Rd8 27. h3 Nd3 28. g4+ hxg4+ 29. hxg4+ Ke6 30. Re4 g5 31. f5+ Ke7 32. Rb5 Rc8 33. Rd5 a6 34. f6+ Kf8 35. e6 fxe6 36. Rxe6 Nf4 37. Ree5 Nxd5 38. Rxd5 Kf7 39. Rd6 b5 40. Ke4 1/2-1/2

[Event "Winnipeg TNT May op"]
[Site "Winnipeg CAN"]
[Date "2005.05.03"]
[Round "1"]
[White "Rutter, Blair"]
[Black "Cheyne, Andrew"]
[Result "1-0"]
[WhiteElo "1742"]
[BlackElo "1400"]
[PlyCount "79"]
[GameId "2160767910968560"]
[EventDate "2005.05.03"]
[EventType "swiss"]
[EventRounds "4"]
[EventCountry "CAN"]
[SourceTitle "EXT 2022"]
[Source "ChessBase"]
[SourceDate "2021.10.06"]
[SourceVersion "1"]
[SourceVersionDate "2021.10.06"]
[SourceQuality "1"]

1. c4 Nf6 2. g3 g6 3. Bg2 Bg7 4. Nc3 O-O 5. e4 e5 6. Nge2 d6 7. O-O Nbd7 8. d3 a5 9. h3 c6 10. Be3 Ne8 11. Qd2 f5 12. f4 exf4 13. Nxf4 Ne5 14. b3 Qf6 15. d4 Nf7 16. Rad1 Qe7 17. Kh2 Bh6 18. Nxg6 hxg6 19. Bxh6 Nxh6 20. Qxh6 Qh7 21. Qg5 Nc7 22. d5 Bd7 23. Rde1 Rae8 24. exf5 Bxf5 25. Rxe8 Nxe8 26. g4 Bd3 27. Rxf8+ Kxf8 28. dxc6 bxc6 29. Bxc6 Qg7 30. Qf4+ Bf5 31. Qe3 Bd7 32. Bxd7 Qxd7 33. Nd5 Qg7 34. Kg3 Nc7 35. Qf4+ Ke8 36. Nf6+ Ke7 37. g5 Ne6 38. Qe4 Kf7 39. Qb7+ Kf8 40. Qc8+ 1-0

[Event "Winnipeg TNT May op"]
[Site "Winnipeg CAN"]
[Date "2005.05.03"]
[Round "1"]
[White "Trueman, Francis"]
[Black "Van Wyk, Joseph"]
[Result "0-1"]
[WhiteElo "1432"]
[BlackElo "1851"]
[PlyCount "42"]
[GameId "2160767910968561"]
[EventDate "2005.05.03"]
[EventType "swiss"]
[EventRounds "4"]
[EventCountry "CAN"]
[SourceTitle "EXT 2022"]
[Source "ChessBase"]
[SourceDate "2021.10.06"]
[SourceVersion "1"]
[SourceVersionDate "2021.10.06"]
[SourceQuality "1"]

1. Nf3 d5 2. d3 c5 3. g3 Nc6 4. c3 e5 5. Bg2 Nf6 6. O-O Bg4 7. h4 Qd7 8. Nbd2 O-O-O 9. Qc2 Bh3 10. e4 Bxg2 11. Kxg2 h6 12. a4 g5 13. d4 exd4 14. exd5 Qxd5 15. Qb3 g4 16. Qxd5 Nxd5 17. Nh2 f5 18. Nc4 dxc3 19. bxc3 Bg7 20. Be3 Nxc3 21. Bxc5 Ne4 0-1

[Event "Winnipeg TNT May op"]
[Site "Winnipeg CAN"]
[Date "2005.05.10"]
[Round "2"]
[White "Cheyne, Andrew"]
[Black "Essery, Richard"]
[Result "0-1"]
[WhiteElo "1400"]
[BlackElo "1726"]
[PlyCount "88"]
[GameId "2160767910968562"]
[EventDate "2005.05.03"]
[EventType "swiss"]
[EventRounds "4"]
[EventCountry "CAN"]
[SourceTitle "EXT 2022"]
[Source "ChessBase"]
[SourceDate "2021.10.06"]
[SourceVersion "1"]
[SourceVersionDate "2021.10.06"]
[SourceQuality "1"]

1. e4 d5 2. exd5 Qxd5 3. Nc3 Qd6 4. Nf3 Bg4 5. Be2 Nf6 6. O-O e6 7. d4 Be7 8. Be3 O-O 9. Nb5 Qd8 10. c4 c6 11. Nc3 Nbd7 12. Qd3 Bf5 13. Qd2 Ne4 14. Nxe4 Bxe4 15. Bg5 Nf6 16. Rad1 Bg6 17. Ne5 Ne4 18. Bxe7 Nxd2 19. Bxd8 Nxf1 20. Kxf1 Raxd8 21. Nxg6 hxg6 22. b4 g5 23. a4 f5 24. c5 Rd7 25. Bc4 Kf7 26. Ke2 Kf6 27. b5 Rfd8 28. Ke3 g4 29. g3 g5 30. b6 axb6 31. cxb6 c5 32. a5 Rxd4 33. Rxd4 Rxd4 34. a6 bxa6 35. b7 Rd8 36. Bxa6 e5 37. Bc4 Ke7 38. f4 gxf4+ 39. gxf4 e4 40. Bd5 Kd6 41. Bc4 Kc7 42. Be6 Rf8 43. Bd5 Kd6 44. Bc4 Kc6 0-1

[Event "Winnipeg TNT May op"]
[Site "Winnipeg CAN"]
[Date "2005.05.10"]
[Round "2"]
[White "De Groot, Steven"]
[Black "Lauritson, Jim"]
[Result "1/2-1/2"]
[WhiteElo "1638"]
[BlackElo "1922"]
[PlyCount "69"]
[GameId "2160767910968563"]
[EventDate "2005.05.03"]
[EventType "swiss"]
[EventRounds "4"]
[EventCountry "CAN"]
[SourceTitle "EXT 2022"]
[Source "ChessBase"]
[SourceDate "2021.10.06"]
[SourceVersion "1"]
[SourceVersionDate "2021.10.06"]
[SourceQuality "1"]

1. e4 c5 2. Nf3 e6 3. d4 cxd4 4. Nxd4 Nf6 5. Bd3 Nc6 6. Be3 Qc7 7. Nc3 a6 8. O-O b5 9. Kh1 Bb7 10. f3 Bd6 11. h3 Nh5 12. Nce2 O-O 13. a3 Rac8 14. Qd2 Nxd4 15. Bxd4 Be5 16. c3 Nf6 17. a4 Bc6 18. axb5 Bxb5 19. Bxb5 axb5 20. Qd3 Bxd4 21. Nxd4 Qc4 22. Rfd1 b4 23. Nb5 bxc3 24. Nxc3 Qxd3 25. Rxd3 Rb8 26. Nd1 d5 27. exd5 Nxd5 28. Rb1 Rfc8 29. Ne3 Nc3 30. Rc1 Ne2 31. Rxc8+ Rxc8 32. b4 Kf8 33. Rd2 Nc3 34. Rc2 Rc7 35. Kg1 1/2-1/2

[Event "Winnipeg TNT May op"]
[Site "Winnipeg CAN"]
[Date "2005.05.10"]
[Round "2"]
[White "Gibbons, Lorne"]
[Black "Rumpel, Chris"]
[Result "0-1"]
[WhiteElo "1307"]
[BlackElo "1466"]
[PlyCount "128"]
[GameId "2160767910968564"]
[EventDate "2005.05.03"]
[EventType "swiss"]
[EventRounds "4"]
[EventCountry "CAN"]
[SourceTitle "EXT 2022"]
[Source "ChessBase"]
[SourceDate "2021.10.06"]
[SourceVersion "1"]
[SourceVersionDate "2021.10.06"]
[SourceQuality "1"]

1. d4 Nf6 2. c4 e5 3. dxe5 Ne4 4. Nf3 Bc5 5. e3 Bb4+ 6. Nbd2 Nc6 7. Qc2 Nxd2 8. Bxd2 Bxd2+ 9. Qxd2 Qe7 10. Qc3 O-O 11. Bd3 Re8 12. O-O-O Nxe5 13. Nxe5 Qxe5 14. Qxe5 Rxe5 15. Rhe1 d6 16. f4 Re7 17. e4 Bg4 18. Rd2 Rae8 19. h3 Be6 20. Rde2 c6 21. f5 Bd7 22. b3 f6 23. g4 c5 24. Kd2 Bc6 25. Re3 a6 26. R1e2 b5 27. cxb5 axb5 28. Ke1 d5 29. Kf2 dxe4 30. Bb1 Bd5 31. Kg3 g6 32. h4 g5 33. h5 h6 34. Rd2 Re5 35. Bc2 Kf8 36. Bd1 c4 37. bxc4 Bxc4 38. Bb3 Rc8 39. Rd7 Bxb3 40. axb3 b4 41. Rd4 Rc3 42. Kf2 Rc2+ 43. Re2 Rc3 44. Rexe4 Rxe4 45. Rxe4 Rxb3 46. Ke2 Rb2+ 47. Kd3 b3 48. Kc3 Rb1 49. Rb4 b2 50. Kc2 Re1 51. Kxb2 Ke7 52. Kc3 Kd6 53. Kd3 Ke5 54. Kd2 Re4 55. Rb5+ Kf4 56. Rb6 Kxg4 57. Rxf6 Kxh5 58. Re6 Rxe6 59. fxe6 Kg6 60. e7 Kf7 61. e8=Q+ Kxe8 62. Ke3 Kf7 63. Kf3 Kf6 64. Kg4 Kg6 0-1

[Event "Winnipeg TNT May op"]
[Site "Winnipeg CAN"]
[Date "2005.05.10"]
[Round "2"]
[White "MacPherson, Al"]
[Black "Trueman, Francis"]
[Result "1/2-1/2"]
[WhiteElo "1748"]
[BlackElo "1432"]
[PlyCount "62"]
[GameId "2160767910968565"]
[EventDate "2005.05.03"]
[EventType "swiss"]
[EventRounds "4"]
[EventCountry "CAN"]
[SourceTitle "EXT 2022"]
[Source "ChessBase"]
[SourceDate "2021.10.06"]
[SourceVersion "1"]
[SourceVersionDate "2021.10.06"]
[SourceQuality "1"]

1. d4 Nf6 2. c4 d6 3. Nc3 Nbd7 4. e4 e5 5. dxe5 dxe5 6. a3 c6 7. b4 g6 8. c5 Bg7 9. Bc4 O-O 10. Nf3 h6 11. O-O Qe7 12. Ra2 Re8 13. Rd2 Nf8 14. Qb3 Be6 15. Nxe5 Bxc4 16. Nxc4 Qe6 17. Rd6 Qc8 18. f3 N8d7 19. Rfd1 Bf8 20. R6d3 Qc7 21. Nd6 Re7 22. Ne2 b6 23. Bf4 Qd8 24. Nb7 Qc8 25. Nd6 Qd8 26. Nb7 Qc8 27. Nd6 Qd8 28. Bg3 bxc5 29. bxc5 Nxc5 30. Nxf7 Qxd3 31. Nxh6+ Kg7 1/2-1/2

[Event "Winnipeg TNT May op"]
[Site "Winnipeg CAN"]
[Date "2005.05.10"]
[Round "2"]
[White "Oberton, Daniel"]
[Black "Rutter, Blair"]
[Result "1/2-1/2"]
[WhiteElo "1414"]
[BlackElo "1742"]
[PlyCount "117"]
[GameId "2160767910968566"]
[EventDate "2005.05.03"]
[EventType "swiss"]
[EventRounds "4"]
[EventCountry "CAN"]
[SourceTitle "EXT 2022"]
[Source "ChessBase"]
[SourceDate "2021.10.06"]
[SourceVersion "1"]
[SourceVersionDate "2021.10.06"]
[SourceQuality "1"]

1. e4 e6 2. d4 d5 3. exd5 exd5 4. Nf3 Nf6 5. Nc3 Be7 6. Bd3 Bg4 7. O-O Nc6 8. Bb5 O-O 9. Be3 Qd6 10. h3 Bh5 11. Re1 Rfe8 12. g4 Bg6 13. Ne5 Rf8 14. Nxc6 bxc6 15. Ba4 Rab8 16. Bb3 h6 17. Qd2 Nh7 18. Bf4 Qd7 19. Re2 Bg5 20. Rae1 Bxf4 21. Qxf4 Ng5 22. Qg3 Qd6 23. Qg2 Qf6 24. Re3 Qxd4 25. h4 Be4 26. Nxe4 Nxe4 27. c3 Qf6 28. Qh2 Rbc8 29. Bc2 Nd6 30. Rg3 g5 31. hxg5 Qxg5 32. Rge3 Rce8 33. f4 Qg7 34. g5 Rxe3 35. Rxe3 Re8 36. Rg3 Kh8 37. gxh6 Qxg3+ 38. Qxg3 Rg8 39. Kh2 Rxg3 40. Kxg3 f5 41. Kh4 Ne4 42. Kh5 Kh7 43. Bd3 c5 44. Ba6 d4 45. cxd4 cxd4 46. Bc8 Ng3+ 47. Kh4 Ne2 48. Bxf5+ Kxh6 49. Kg4 c5 50. b3 Nc1 51. Be4 Nxa2 52. Kf5 Kg7 53. Ke5 Nc1 54. Bc2 d3 55. Bd1 Ne2 56. Kd6 Nc3 57. Bg4 Ne4+ 58. Ke5 Nd2 59. Bd1 1/2-1/2

[Event "Winnipeg TNT May op"]
[Site "Winnipeg CAN"]
[Date "2005.05.10"]
[Round "2"]
[White "Reimer, Bruce"]
[Black "Romanek, Adam"]
[Result "1/2-1/2"]
[WhiteElo "1449"]
[BlackElo "1103"]
[PlyCount "102"]
[GameId "2160767910968567"]
[EventDate "2005.05.03"]
[EventType "swiss"]
[EventRounds "4"]
[EventCountry "CAN"]
[SourceTitle "EXT 2022"]
[Source "ChessBase"]
[SourceDate "2021.10.06"]
[SourceVersion "1"]
[SourceVersionDate "2021.10.06"]
[SourceQuality "1"]

1. c4 e5 2. g3 d5 3. Bg2 Be6 4. Nc3 Nf6 5. Qb3 Qc8 6. cxd5 Bd7 7. Nf3 Bd6 8. O-O O-O 9. d3 h6 10. Bd2 Na6 11. d4 exd4 12. Nxd4 Nc5 13. Qc2 a5 14. e4 Bh3 15. Rfe1 Bxg2 16. Kxg2 Re8 17. Re2 Qg4 18. f3 Qg6 19. Be1 b6 20. Bf2 Kh7 21. Rae1 Nfd7 22. Nc6 f6 23. Nb5 Ne5 24. Nxd6 cxd6 25. Nxe5 fxe5 26. a3 Rec8 27. Qc4 Rab8 28. Rc2 Qf7 29. Rec1 Kh8 30. Be3 Rb7 31. b4 axb4 32. axb4 Ra8 33. bxc5 bxc5 34. Ra2 Rf8 35. Qe2 Rfb8 36. Rca1 Qf8 37. Bc1 g5 38. Rb2 Rxb2 39. Bxb2 Rb3 40. Ra3 Rb7 41. Bc1 Rb1 42. Qc2 Qb8 43. Ra2 Rb4 44. Rb2 Kg8 45. Rxb4 cxb4 46. Qb3 Qb5 47. Kf2 Kf7 48. Bd2 Qc5+ 49. Be3 Qb5 50. Bd2 Qc5+ 51. Kg2 Qb5 1/2-1/2

[Event "Winnipeg TNT May op"]
[Site "Winnipeg CAN"]
[Date "2005.05.10"]
[Round "2"]
[White "Van Wyk, Joseph"]
[Black "Anderson, George"]
[Result "1-0"]
[WhiteElo "1851"]
[BlackElo "1435"]
[PlyCount "35"]
[GameId "2160767910968568"]
[EventDate "2005.05.03"]
[EventType "swiss"]
[EventRounds "4"]
[EventCountry "CAN"]
[SourceTitle "EXT 2022"]
[Source "ChessBase"]
[SourceDate "2021.10.06"]
[SourceVersion "1"]
[SourceVersionDate "2021.10.06"]
[SourceQuality "1"]

1. c4 e6 2. Nc3 c5 3. g3 Nf6 4. Bg2 Nc6 5. d3 Rb8 6. e4 a6 7. f4 d6 8. Nge2 b5 9. e5 Nd5 10. cxd5 Nd4 11. dxe6 Bxe6 12. Nxd4 cxd4 13. Bc6+ Ke7 14. f5 dxe5 15. fxe6 dxc3 16. exf7 Kxf7 17. O-O+ Kg8 18. Qb3+ 1-0

[Event "Winnipeg TNT May op"]
[Site "Winnipeg CAN"]
[Date "2005.05.17"]
[Round "3"]
[White "Anderson, George"]
[Black "Oberton, Daniel"]
[Result "1/2-1/2"]
[WhiteElo "1435"]
[BlackElo "1414"]
[PlyCount "74"]
[GameId "2160767910968569"]
[EventDate "2005.05.03"]
[EventType "swiss"]
[EventRounds "4"]
[EventCountry "CAN"]
[SourceTitle "EXT 2022"]
[Source "ChessBase"]
[SourceDate "2021.10.06"]
[SourceVersion "1"]
[SourceVersionDate "2021.10.06"]
[SourceQuality "1"]

1. b4 e5 2. Bb2 e4 3. b5 Nf6 4. c4 Bc5 5. e3 d6 6. a4 a6 7. Nc3 O-O 8. d3 Bf5 9. dxe4 Nxe4 10. Nxe4 Bxe4 11. Qb3 f6 12. Ne2 d5 13. Ng3 b6 14. cxd5 Bxd5 15. Bc4 Bxc4 16. Qxc4+ Kh8 17. O-O axb5 18. axb5 Rxa1 19. Bxa1 c6 20. bxc6 Nxc6 21. Qg4 Qc8 22. Qxc8 Rxc8 23. Ne4 Kg8 24. Nxc5 bxc5 25. g3 Nb4 26. Rc1 c4 27. f4 Kf7 28. Bd4 g6 29. Kf1 f5 30. Ke2 Ke6 31. Kd2 Kd5 32. Ra1 Rc7 33. Ra5+ Ke4 34. Ke2 Nd5 35. Ra4 Nb4 36. Ra5 Nd5 37. Ra6 Nc3+ 1/2-1/2

[Event "Winnipeg TNT May op"]
[Site "Winnipeg CAN"]
[Date "2005.05.17"]
[Round "3"]
[White "Essery, Richard"]
[Black "Reimer, Bruce"]
[Result "0-1"]
[WhiteElo "1726"]
[BlackElo "1449"]
[PlyCount "44"]
[GameId "2160767910968570"]
[EventDate "2005.05.03"]
[EventType "swiss"]
[EventRounds "4"]
[EventCountry "CAN"]
[SourceTitle "EXT 2022"]
[Source "ChessBase"]
[SourceDate "2021.10.06"]
[SourceVersion "1"]
[SourceVersionDate "2021.10.06"]
[SourceQuality "1"]

1. e4 d6 2. d4 Nf6 3. Nc3 g6 4. Bg5 Bg7 5. f4 c5 6. d5 a6 7. a4 Qa5 8. Qd2 b5 9. e5 Nfd7 10. exd6 b4 11. Bxe7 bxc3 12. Qe3 cxb2+ 13. Ke2 bxa1=Q 14. Bd8+ Kf8 15. Qe7+ Kg8 16. Qe8+ Nf8 17. Bxa5 Bg4+ 18. Kf2 Bd4+ 19. Kg3 Qxf1 20. Nf3 Qf2+ 21. Kxg4 Qxg2+ 22. Kh4 Bf2# 0-1

[Event "Winnipeg TNT May op"]
[Site "Winnipeg CAN"]
[Date "2005.05.17"]
[Round "3"]
[White "Lauritson, Jim"]
[Black "Van Wyk, Joseph"]
[Result "1-0"]
[WhiteElo "1922"]
[BlackElo "1851"]
[PlyCount "63"]
[GameId "2160767910968571"]
[EventDate "2005.05.03"]
[EventType "swiss"]
[EventRounds "4"]
[EventCountry "CAN"]
[SourceTitle "EXT 2022"]
[Source "ChessBase"]
[SourceDate "2021.10.06"]
[SourceVersion "1"]
[SourceVersionDate "2021.10.06"]
[SourceQuality "1"]

1. e4 c6 2. d4 d5 3. e5 Bf5 4. Nf3 e6 5. Be2 c5 6. c3 Nc6 7. O-O Be7 8. Be3 Qb6 9. b3 f6 10. a3 cxd4 11. cxd4 fxe5 12. Nxe5 Nxe5 13. dxe5 Bc5 14. Bxc5 Qxc5 15. b4 Qc7 16. Bb5+ Kf8 17. Qe2 Ne7 18. Nd2 Nc6 19. Nf3 Rc8 20. h3 Be4 21. Rac1 h6 22. Bxc6 bxc6 23. b5 c5 24. Nh4 c4 25. Qe3 g5 26. Nf3 Qb6 27. Nd4 Kg7 28. f4 gxf4 29. Rxf4 Rhf8 30. Rg4+ Kh7 31. Rh4 Kg8 32. Rxh6 1-0

[Event "Winnipeg TNT May op"]
[Site "Winnipeg CAN"]
[Date "2005.05.17"]
[Round "3"]
[White "Romanek, Adam"]
[Black "Cheyne, Andrew"]
[Result "0-1"]
[WhiteElo "1103"]
[BlackElo "1400"]
[PlyCount "42"]
[GameId "2160767910968572"]
[EventDate "2005.05.03"]
[EventType "swiss"]
[EventRounds "4"]
[EventCountry "CAN"]
[SourceTitle "EXT 2022"]
[Source "ChessBase"]
[SourceDate "2021.10.06"]
[SourceVersion "1"]
[SourceVersionDate "2021.10.06"]
[SourceQuality "1"]

1. e4 e5 2. Nf3 Nc6 3. Bc4 Bc5 4. c3 Nf6 5. d3 d6 6. Nbd2 O-O 7. O-O a6 8. a4 Bg4 9. b4 Ba7 10. Re1 Ne7 11. h3 Bd7 12. Nf1 h6 13. Kh2 Bb8 14. Re2 Bc8 15. Ne3 Be6 16. Bxe6 fxe6 17. c4 Nc6 18. Qe1 Nh7 19. Bd2 Ng5 20. Nxg5 Qxg5 21. Ng4 Qe7 0-1

[Event "Winnipeg TNT May op"]
[Site "Winnipeg CAN"]
[Date "2005.05.17"]
[Round "3"]
[White "Rutter, Blair"]
[Black "Rumpel, Chris"]
[Result "1-0"]
[WhiteElo "1742"]
[BlackElo "1466"]
[PlyCount "111"]
[GameId "2160767910968573"]
[EventDate "2005.05.03"]
[EventType "swiss"]
[EventRounds "4"]
[EventCountry "CAN"]
[SourceTitle "EXT 2022"]
[Source "ChessBase"]
[SourceDate "2021.10.06"]
[SourceVersion "1"]
[SourceVersionDate "2021.10.06"]
[SourceQuality "1"]

1. c4 Nf6 2. g3 g6 3. Bg2 Bg7 4. Nc3 d6 5. e4 e5 6. Nge2 O-O 7. O-O Nbd7 8. d3 c6 9. h3 h5 10. Bg5 Re8 11. Qd2 Nf8 12. f4 Ne6 13. f5 Nxg5 14. Qxg5 Qb6+ 15. Kh2 Nh7 16. Qd2 g5 17. Ng1 Bh6 18. Bf3 Nf6 19. h4 g4 20. Qxh6 gxf3 21. Qg5+ Kh7 22. Qd2 Ng4+ 23. Kh3 f2 24. Nf3 f6 25. Nh2 Qc7 26. Nxg4 hxg4+ 27. Kxg4 Rg8+ 28. Kh3 Qg7 29. Qxf2 Qg4+ 30. Kh2 Bd7 31. Qf3 Be8 32. Qxg4 Rxg4 33. Nd1 Bh5 34. Ne3 Rg7 35. Rf2 Rag8 36. Rg1 Kh6 37. b4 a6 38. a4 Bg4 39. b5 axb5 40. axb5 Kh5 41. Rb1 Bh3 42. Rg1 Bg4 43. Rb2 Bf3 44. bxc6 bxc6 45. Kh3 Bg4+ 46. Kh2 Bf3 47. Kh3 Bg4+ 48. Nxg4 Rxg4 49. Rb6 Rxh4+ 50. Kg2 Rhg4 51. Rh1+ Kg5 52. Rxc6 Rg7 53. Rxd6 Rxg3+ 54. Kxg3 Rh7 55. Kg2 Rd7 56. Rxd7 1-0

[Event "Winnipeg TNT May op"]
[Site "Winnipeg CAN"]
[Date "2005.05.17"]
[Round "3"]
[White "Trueman, Francis"]
[Black "Gibbons, Lorne"]
[Result "0-1"]
[WhiteElo "1432"]
[BlackElo "1307"]
[PlyCount "92"]
[GameId "2160767910968574"]
[EventDate "2005.05.03"]
[EventType "swiss"]
[EventRounds "4"]
[EventCountry "CAN"]
[SourceTitle "EXT 2022"]
[Source "ChessBase"]
[SourceDate "2021.10.06"]
[SourceVersion "1"]
[SourceVersionDate "2021.10.06"]
[SourceQuality "1"]

1. Nf3 d5 2. d3 e5 3. Nbd2 Nc6 4. e4 dxe4 5. dxe4 Nf6 6. Qe2 Bc5 7. Nb3 Bb6 8. Be3 Ba5+ 9. Nxa5 Nxa5 10. Bc5 Nc6 11. Rd1 Nd7 12. Qc4 Qf6 13. Ba3 Nb6 14. Qc3 Bd7 15. Be2 O-O-O 16. O-O a6 17. b4 Na7 18. Qe3 Rhe8 19. Nd2 Qe6 20. c4 Bc6 21. h3 Qf6 22. Rb1 Kb8 23. b5 axb5 24. cxb5 Bd7 25. Rfc1 Rc8 26. Bc5 Rcd8 27. Nc4 Bxb5 28. Bxb6 cxb6 29. Rb2 Re6 30. Bg4 Rc6 31. Rb4 Rd4 32. Be2 Qe7 33. Qb3 Qc5 34. Rc2 Bxc4 35. Rcxc4 Rxc4 36. Bxc4 f6 37. Kh2 Qxf2 38. Qd3 Qc5 39. a3 Rd6 40. Bd5 b5 41. Qb3 b6 42. Kg3 h6 43. Kf3 f5 44. g4 fxg4+ 45. Kxg4 Qg1+ 46. Qg3 Rg6+ 0-1

[Event "Winnipeg TNT May op"]
[Site "Winnipeg CAN"]
[Date "2005.05.24"]
[Round "4"]
[White "Cheyne, Andrew"]
[Black "Trueman, Francis"]
[Result "1-0"]
[WhiteElo "1400"]
[BlackElo "1432"]
[PlyCount "67"]
[GameId "2160767910968575"]
[EventDate "2005.05.03"]
[EventType "swiss"]
[EventRounds "4"]
[EventCountry "CAN"]
[SourceTitle "EXT 2022"]
[Source "ChessBase"]
[SourceDate "2021.10.06"]
[SourceVersion "1"]
[SourceVersionDate "2021.10.06"]
[SourceQuality "1"]

1. e4 e5 2. Nf3 Nc6 3. Bb5 d6 4. d4 Bg4 5. d5 a6 6. Bxc6+ bxc6 7. dxc6 Ne7 8. Bg5 Qb8 9. b3 Qb5 10. Bxe7 Bxe7 11. Qd5 Bxf3 12. gxf3 Bg5 13. c4 Qb4+ 14. Ke2 O-O 15. Rg1 Bh6 16. Rg4 Kh8 17. Qd3 Rae8 18. Nc3 Qb8 19. Nd5 Qc8 20. Rag1 f5 21. R4g3 f4 22. Rg4 Rf7 23. Qc3 Qa8 24. Nb4 a5 25. Nd5 Qxc6 26. Qxa5 Ra8 27. Qd2 Ra3 28. Nc3 Qa8 29. Na4 Qa6 30. Kd1 Qb7 31. Kc1 c5 32. Nxc5 Qb6 33. Na4 Rb7 34. Nxb6 1-0

[Event "Winnipeg TNT May op"]
[Site "Winnipeg CAN"]
[Date "2005.05.24"]
[Round "4"]
[White "Reimer, Bruce"]
[Black "Gibbons, Lorne"]
[Result "0-1"]
[WhiteElo "1449"]
[BlackElo "1307"]
[PlyCount "72"]
[GameId "2160767910968576"]
[EventDate "2005.05.03"]
[EventType "swiss"]
[EventRounds "4"]
[EventCountry "CAN"]
[SourceTitle "EXT 2022"]
[Source "ChessBase"]
[SourceDate "2021.10.06"]
[SourceVersion "1"]
[SourceVersionDate "2021.10.06"]
[SourceQuality "1"]

1. c4 e5 2. g3 Bc5 3. Bg2 Nf6 4. Nc3 c6 5. e3 d6 6. Nge2 Bf5 7. O-O O-O 8. d4 exd4 9. exd4 Bb6 10. b4 Bc7 11. b5 Qd7 12. bxc6 Nxc6 13. Bg5 Ne8 14. Nd5 h6 15. Bf4 g5 16. Bc1 Bd8 17. Ba3 b6 18. Ne3 Rc8 19. Nxf5 Qxf5 20. Rc1 Qa5 21. Qd3 Nb4 22. Bxb4 Qxb4 23. a3 Qa5 24. d5 Bf6 25. Bh3 Rc7 26. Rfe1 Bb2 27. Rc2 Qxa3 28. Qf5 Ng7 29. Qg4 f5 30. Rc3 fxg4 31. Rxa3 Bxa3 32. Bxg4 Bc5 33. Rf1 Rcf7 34. Be6 Nxe6 35. dxe6 Rxf2 36. Rxf2 Rxf2 0-1

[Event "Winnipeg TNT May op"]
[Site "Winnipeg CAN"]
[Date "2005.05.24"]
[Round "4"]
[White "Romanek, Adam"]
[Black "Essery, Richard"]
[Result "0-1"]
[WhiteElo "1103"]
[BlackElo "1726"]
[PlyCount "113"]
[GameId "2160767910968577"]
[EventDate "2005.05.03"]
[EventType "swiss"]
[EventRounds "4"]
[EventCountry "CAN"]
[SourceTitle "EXT 2022"]
[Source "ChessBase"]
[SourceDate "2021.10.06"]
[SourceVersion "1"]
[SourceVersionDate "2021.10.06"]
[SourceQuality "1"]

1. e4 d5 2. c3 dxe4 3. Qa4+ Nc6 4. Qxe4 Nf6 5. Qa4 Bd7 6. Bb5 e5 7. Qd1 Bc5 8. b4 Bb6 9. Qf3 O-O 10. h3 Ne7 11. Qe2 Bc6 12. Nf3 Re8 13. d3 Ng6 14. O-O e4 15. dxe4 Nxe4 16. Qd3 Qxd3 17. Bxd3 Ng3 18. Rd1 Rad8 19. a4 a6 20. Ra2 Bd5 21. Rb2 Bxf3 22. gxf3 Ne5 23. Kg2 Nxd3 24. Rbd2 Nf5 25. Rxd3 Rxd3 26. Rxd3 g6 27. Na3 Re1 28. Bf4 Ra1 29. a5 Ba7 30. Nc4 Ra2 31. Rd2 Rxd2 32. Nxd2 c5 33. Nb3 cxb4 34. cxb4 Ne7 35. Bd6 Nd5 36. Kf1 f5 37. Ke2 Kf7 38. Nc1 Ke6 39. Bc5 Bxc5 40. bxc5 Nf4+ 41. Ke3 Nxh3 42. Nd3 Kd5 43. Kd2 h6 44. f4 g5 45. fxg5 Nxg5 46. Nf4+ Kxc5 47. Nh5 Kb5 48. f4 Ne6 49. Kd3 Kxa5 50. Kc4 b5+ 51. Kb3 b4 52. Ng3 Nd4+ 53. Kc4 b3 54. Kxd4 b2 55. Ke5 b1=Q 56. Nxf5 Qe1+ 57. Kf6 0-1